Normal view
MARC view
- الآلآت الكهربائية -الهندسة الكهربائية
Entry Topical Term
001 - CONTROL NUMBER
- control field: 7699
003 - CONTROL NUMBER IDENTIFIER
- control field: JO-AjAnu
005 - DATE AND TIME OF LATEST TRANSACTION
- control field: 20230606071538.0
008 - FIXED-LENGTH DATA ELEMENTS
- fixed length control field: 230606|| aca||aabn | a|a d
040 ## - CATALOGING SOURCE
- Original cataloging agency: JO-AjAnu
- Transcribing agency: JO-AjAnu
150 ## - HEADING--TOPICAL TERM
- Topical term or geographic name entry element: الآلآت الكهربائية -الهندسة الكهربائية
670 ## - SOURCE DATA FOUND
- Source citation: Work cat.: (JO-AjAnu)3980: رزوق، رامي سليم / م مشارك وسام احمد عبد العزيز, author 7698, اساسيات الالات الكهربائية نظريات ومسائل